| 000 | 00744nam a2200265Ia 4500 | ||
|---|---|---|---|
| 001 | 21329 | ||
| 003 | GE_BSU | ||
| 008 | 181216s||||||||xx |||||||||||||| ||und|| | ||
| 020 | _a9027725136 | ||
| 040 | _cGE_BSU | ||
| 080 | _a511 | ||
| 100 | _aLaarhoven van, P.J. M. and Aarts, E.H.L. | ||
| 245 | _aSimulated Annealing: Theory and Applications | ||
| 245 | _cEditor M. Hazewinkel | ||
| 260 | _aDordrecht | ||
| 260 | _bKluwer Academic Publishers | ||
| 260 | _c1988 | ||
| 300 | _a187p. 24cm. | ||
| 300 | _eBibl.:p. 157-176., Index.: p. 177-187 | ||
| 541 | _h252 Gel. | ||
| 653 | _aSimulated Annealing: Theory and Applications | ||
| 653 | _aТеория чисел | ||
| 653 | _aრიცხვთა თეორია | ||
| 942 | _cBK | ||
| 999 |
_c54273 _d54273 |
||